| 000 | 00634nam a2200181 4500 | ||
|---|---|---|---|
| 001 | 122409 | ||
| 003 | ES-MaACL | ||
| 005 | 20230906191955.0 | ||
| 007 | t| | ||
| 008 | 070214s1964 sp r ||||1| spa d | ||
| 100 | 1 |
_aPoyán Díaz, Daniel. _993515 |
|
| 245 | 1 | 3 |
_aLa lengua española en Suiza _b: consideraciones sobre el futuro / _cDaniel Poyán Díaz. |
| 260 |
_aMadrid : _bCultura Hispánica, _c1964. |
||
| 300 |
_a2 h. ; _c25 cm. |
||
| 595 | _aTirada aparte de: Presente y futuro de la lengua española. Madrid : Cultura Hispánica, 1964, v. 1. | ||
| 650 | 4 |
_aLengua española- _zSuiza. _9172678 |
|
| 852 |
_aES-MaACL _j2045-F-22 |
||
| 999 |
_c122409 _d122409 |
||